[Event "ODEM U25B 2012"]
[Site "Oberhof GER"]
[Date "2012.06.01"]
[Round "8"]
[White "Zyla, Lennert"]
[Black "Janke, Luisa"]
[Result "1-0"]
[Termination "normal"]
[Board "24"]
[WhiteElo "1048"]
[BlackElo "1154"]
[PlyCount "55"]
[WhiteFideId "12981567"]
[BlackFideId "12925225"]
[EventCountry "GER"]
[EventRounds "9"]
[EventType "swiss"]
[EventDate "2012.05.26"]

1. e4 e5 2. Nf3 Nc6 3. Bb5 Nf6 4. O-O a6 5. Bxc6 dxc6 6. Nxe5 Bd6 7. Nf3 Nxe4
8. Re1 Be7 9. Rxe4 Bf5 10. Re1 O-O 11. d4 Qd6 12. c4 Rfe8 13. Qb3 Qg6 14. Ne5
Qd6 15. Be3 c5 16. Rd1 cxd4 17. Bxd4 Bf6 18. c5 Qe7 19. f4 Rad8 20. Nc3 Bxe5
21. fxe5 Bg4 22. Nd5 Qd7 23. Qg3 Bxd1 24. Nf6+ Kf8 25. Nxd7+ Rxd7 26. Rxd1 Red8
27. Qg4 g6 28. c6 1-0

[Event "ODEM U25B 2012"]
[Site "Oberhof GER"]
[Date "2012.06.01"]
[Round "8"]
[White "Giede, Anna-Blume"]
[Black "Weiten, Anna"]
[Result "1-0"]
[Termination "normal"]
[Board "25"]
[WhiteElo "1250"]
[BlackElo "1008"]
[PlyCount "97"]
[WhiteFideId "12921980"]
[BlackFideId "12938203"]
[EventCountry "GER"]
[EventRounds "9"]
[EventType "swiss"]
[EventDate "2012.05.26"]

1. e4 e5 2. Nf3 Nc6 3. Bb5 Nd4 4. Nxd4 exd4 5. O-O c6 6. Bc4 d5 7. exd5 cxd5 8.
Bb5+ Bd7 9. Re1+ Be7 10. c4 dxc4 11. Bxc4 Nf6 12. h3 O-O 13. d3 Rc8 14. Bg5 h6
15. Bh4 b5 16. Bb3 a5 17. a4 bxa4 18. Bxa4 Nd5 19. Bxe7 Nxe7 20. Bxd7 Qxd7 21.
Rxa5 Rfe8 22. Nd2 Nc6 23. Rxe8+ Rxe8 24. Ra4 Ne5 25. Ra3 Qb5 26. Rb3 Qa6 27.
Ra3 Qg6 28. Nc4 Qf5 29. Nd6 Qd7 30. Nxe8 Qxe8 31. Qe2 Qb5 32. Qe4 Nd7 33. Ra8+
Nf8 34. Qe8 Qxe8 35. Rxe8 g5 36. b4 Kg7 37. b5 Nd7 38. Re1 f5 39. Rb1 h5 40. b6
Nb8 41. b7 g4 42. h4 Kf6 43. Rc1 Ke5 44. Rc8 Na6 45. b8=Q+ Nxb8 46. Rxb8 f4 47.
g3 Kf5 48. Rf8+ Ke5 49. gxf4+ 1-0

[Event "ODEM U25B 2012"]
[Site "Oberhof GER"]
[Date "2012.06.01"]
[Round "8"]
[White "Matuschak, Henry"]
[Black "Stockter, Jasper Enno"]
[Result "0-1"]
[Termination "normal"]
[Board "26"]
[WhiteElo "1034"]
[BlackElo "1107"]
[PlyCount "70"]
[BlackFideId "12957291"]
[EventCountry "GER"]
[EventRounds "9"]
[EventType "swiss"]
[EventDate "2012.05.26"]

1. e4 e6 2. Nc3 d5 3. exd5 exd5 4. Nf3 Nf6 5. d4 Bg4 6. Bg5 Nbd7 7. Be2 c6 8.
O-O Qc7 9. Qd2 O-O-O 10. a3 Bd6 11. g3 Bxf3 12. Bxf3 h5 13. h4 Rdg8 14. Ne2 Nf8
15. Bf4 Ne6 16. Bxd6 Qxd6 17. c3 g5 18. hxg5 Rxg5 19. Rfd1 h4 20. Kf1 hxg3 21.
fxg3 Nh5 22. Kf2 Nxg3 23. Nxg3 Qxg3+ 24. Ke3 Qf4+ 25. Kd3 Qxf3+ 26. Kc2 Rg2 27.
Qxg2 Qxg2+ 28. Kb3 Rh2 29. Rab1 Qc2+ 30. Ka2 b5 31. Rdc1 Qa4 32. Ka1 a5 33. Ka2
b4 34. cxb4 axb4 35. Rg1 Qxa3# 0-1

[Event "ODEM U25B 2012"]
[Site "Oberhof GER"]
[Date "2012.06.01"]
[Round "8"]
[White "Huruglica, Emre"]
[Black "Acikel, Mert"]
[Result "0-1"]
[Termination "normal"]
[Board "27"]
[WhiteElo "1103"]
[BlackElo "970"]
[PlyCount "104"]
[BlackFideId "12956465"]
[EventCountry "GER"]
[EventRounds "9"]
[EventType "swiss"]
[EventDate "2012.05.26"]

1. d4 d5 2. e4 e6 3. exd5 exd5 4. Nc3 Nf6 5. Bg5 Be7 6. Nf3 Bf5 7. Bd3 Bg6 8.
Ne5 Nbd7 9. Nxg6 hxg6 10. Bxf6 Nxf6 11. Qe2 Qd7 12. O-O-O O-O-O 13. Rde1 Rde8
14. a3 Bxa3 15. Qf3 Bb4 16. Rxe8+ Rxe8 17. Ne2 Qg4 18. Qxg4+ Nxg4 19. Rf1 Nxh2
20. Rg1 Ng4 21. c3 Nxf2 22. Kc2 Nxd3 23. Kxd3 Bd6 24. Rf1 f6 25. Rh1 Kd7 26.
Rh7 Re7 27. Rh8 Re8 28. Rh7 Rg8 29. g3 b6 30. b4 a5 31. bxa5 bxa5 32. Kc2 Kc6
33. Kb3 Re8 34. Nf4 Bxf4 35. gxf4 Rg8 36. Ka4 Kb6 37. Rh1 Re8 38. Rb1+ Kc6 39.
Rb5 Ra8 40. Rc5+ Kd6 41. Rb5 Ke6 42. Rb7 Kd6 43. Rb5 g5 44. fxg5 fxg5 45. Rb1
Rf8 46. Rb5 Ra8 47. Rb1 Rf8 48. Rb5 Rf1 49. Ka3 g4 50. Kb2 g3 51. Rxa5 g2 52.
Ra6+ Kd7 0-1

[Event "ODEM U25B 2012"]
[Site "Oberhof GER"]
[Date "2012.06.01"]
[Round "8"]
[White "Karge, Ole Jannes"]
[Black "Lang, Thomas"]
[Result "0-1"]
[Termination "normal"]
[Board "28"]
[WhiteElo "1090"]
[BlackElo "945"]
[PlyCount "100"]
[WhiteFideId "12957267"]
[BlackFideId "12982520"]
[EventCountry "GER"]
[EventRounds "9"]
[EventType "swiss"]
[EventDate "2012.05.26"]

1. e4 e5 2. Nf3 Nc6 3. d4 exd4 4. Nxd4 Bc5 5. Be3 Qe7 6. Nxc6 dxc6 7. Bxc5 Qxc5
8. Nc3 Nf6 9. Bd3 Be6 10. O-O O-O-O 11. Qd2 Bc4 12. b3 Bxd3 13. cxd3 Qb4 14.
Qc2 Qc5 15. Rac1 Qd6 16. Rcd1 Ng4 17. g3 Qh6 18. f3 Ne3 19. Qe2 Nxd1 20. Rxd1
Qf6 21. e5 Qe6 22. Qe3 Rhe8 23. f4 b6 24. Ne2 f6 25. Nd4 Qd5 26. Nf3 fxe5 27.
Nxe5 g5 28. d4 c5 29. Qf3 Qxf3 30. Nxf3 g4 31. Ne5 Rxd4 32. Rxd4 cxd4 33. Kf2
h5 34. Ke2 c5 35. Kd3 Kc7 36. Ke4 b5 37. Kd3 Kd6 38. Nf7+ Kd5 39. Ne5 Rxe5 40.
fxe5 Kxe5 41. a3 Kd5 42. b4 c4+ 43. Kd2 Ke4 44. Ke2 c3 45. Kd1 Kd3 46. Kc1 c2
47. Kb2 Kd2 48. Kb3 c1=Q 49. Ka2 Kc2 50. a4 Qb2# 0-1

[Event "ODEM U25B 2012"]
[Site "Oberhof GER"]
[Date "2012.06.01"]
[Round "8"]
[White "Kalina, Joshua"]
[Black "Koll, Linus"]
[Result "1-0"]
[Termination "normal"]
[Board "29"]
[WhiteElo "941"]
[BlackElo "1052"]
[PlyCount "121"]
[BlackFideId "12990299"]
[EventCountry "GER"]
[EventRounds "9"]
[EventType "swiss"]
[EventDate "2012.05.26"]

1. e4 e5 2. Nf3 Nc6 3. d4 exd4 4. Nxd4 Bc5 5. Be3 Nf6 6. Nxc6 bxc6 7. Bxc5 d6
8. Bd4 Be6 9. Nc3 O-O 10. Qf3 c5 11. Bxf6 Qxf6 12. Qxf6 gxf6 13. Bb5 Rab8 14.
O-O f5 15. exf5 Bxf5 16. Rac1 Bg6 17. Bc6 Rxb2 18. Ba4 Rbb8 19. Nd5 Rb7 20. Bc6
Rb2 21. Ne7+ Kg7 22. Nxg6 fxg6 23. Bd5 Rf5 24. Rcd1 Rxc2 25. Be4 Rxa2 26. Bxf5
gxf5 27. Rfe1 Kf7 28. Rb1 c6 29. Rb7+ Kg6 30. f3 a5 31. Rb6 a4 32. Rxc6 a3 33.
Rxd6+ Kf7 34. Rd3 c4 35. Rc3 Kf6 36. Ree3 Ra1+ 37. Kf2 a2 38. Ra3 Rh1 39. Rxa2
Rxh2 40. Rc3 Rh4 41. Ra4 Ke5 42. Rcxc4 Rxc4 43. Rxc4 h5 44. Rc5+ Kf6 45. f4 h4
46. g3 h3 47. Kg1 Kg6 48. Kh2 Kh5 49. Kxh3 Kg6 50. Kh4 Kf6 51. g4 fxg4 52. Kxg4
Kf7 53. Kf5 Ke7 54. Rd5 Kf7 55. Rd7+ Ke8 56. Ke6 Kf8 57. Re7 Kg8 58. Rf7 Kh8
59. Kf6 Kg8 60. Kg6 Kh8 61. Rf8# 1-0

[Event "ODEM U25B 2012"]
[Site "Oberhof GER"]
[Date "2012.06.01"]
[Round "8"]
[White "Grund, Melanie"]
[Black "Dathe, Frederick"]
[Result "1-0"]
[Termination "normal"]
[Board "30"]
[WhiteElo "885"]
[BlackElo "1036"]
[PlyCount "77"]
[WhiteFideId "12988804"]
[BlackFideId "12963070"]
[EventCountry "GER"]
[EventRounds "9"]
[EventType "swiss"]
[EventDate "2012.05.26"]

1. e4 c5 2. Nf3 d6 3. d4 cxd4 4. Nxd4 Nf6 5. Nc3 g6 6. Bb5+ Bd7 7. Bxd7+ Nbxd7
8. O-O Bg7 9. Nd5 Nxe4 10. Re1 Ndf6 11. Nxf6+ Nxf6 12. Qe2 Nd5 13. Nb3 O-O 14.
c4 Nb4 15. Rb1 Qb6 16. Be3 Qd8 17. a3 Nc6 18. Rbd1 Qc7 19. Qd2 Ne5 20. Rc1 Nxc4
21. Qe2 b5 22. a4 a6 23. axb5 axb5 24. Nd4 Qb7 25. b3 Nxe3 26. Qxe3 Qb6 27.
Red1 Bxd4 28. Qxd4 Qxd4 29. Rxd4 Ra3 30. Rb4 Kg7 31. h3 Rb8 32. Rc7 e6 33. Rf4
Rxb3 34. Rfxf7+ Kh6 35. Rxh7+ Kg5 36. h4+ Kg4 37. Rcf7 b4 38. Rh6 Rg8 39. Kh2
1-0

[Event "ODEM U25B 2012"]
[Site "Oberhof GER"]
[Date "2012.06.01"]
[Round "8"]
[White "Schulze, Lara"]
[Black "Hacklinger, Leon"]
[Result "1-0"]
[Termination "normal"]
[Board "31"]
[WhiteElo "994"]
[BlackElo "877"]
[PlyCount "75"]
[WhiteFideId "12956830"]
[BlackFideId "16205111"]
[EventCountry "GER"]
[EventRounds "9"]
[EventType "swiss"]
[EventDate "2012.05.26"]

1. c4 f5 2. d4 e6 3. Nc3 Nf6 4. Nf3 Be7 5. e3 O-O 6. g3 c6 7. Bg2 d5 8. Ne5
dxc4 9. Nxc4 Bd7 10. O-O Be8 11. Bd2 Bh5 12. Qb3 b5 13. Ne5 Bd6 14. Nxc6 Nxc6
15. Bxc6 Rb8 16. Qxe6+ Bf7 17. Qxf5 Nh5 18. Qc2 Bg6 19. Qd1 Qc7 20. Bd5+ Kh8
21. Bf3 b4 22. Nd5 Qf7 23. Nf4 Bxf4 24. exf4 Bd3 25. Bxh5 Qf5 26. Be2 Rb6 27.
Bxb4 Bxe2 28. Qxe2 Rxb4 29. Rfd1 Qg6 30. Rac1 h6 31. Kf1 Qb6 32. d5 Qb7 33. f3
Qd7 34. d6 Qh3+ 35. Kg1 Rfb8 36. d7 Rxb2 37. d8=Q+ Rxd8 38. Rxd8+ 1-0

[Event "ODEM U25B 2012"]
[Site "Oberhof GER"]
[Date "2012.06.01"]
[Round "8"]
[White "Abicht, Aruna Sophia"]
[Black "Mönster, Michel"]
[Result "0-1"]
[Termination "normal"]
[Board "32"]
[WhiteElo "892"]
[BlackElo "988"]
[PlyCount "52"]
[BlackFideId "12947164"]
[EventCountry "GER"]
[EventRounds "9"]
[EventType "swiss"]
[EventDate "2012.05.26"]

1. e4 e6 2. Qe2 Bc5 3. Nf3 Nc6 4. g3 Nb4 5. c3 Nc2+ 6. Kd1 Nxa1 7. d4 Be7 8.
Bg2 Nf6 9. e5 Nd5 10. c4 Nb4 11. a3 Nbc2 12. Nc3 f6 13. Bd2 b6 14. b4 Bb7 15.
Rg1 Bxf3 16. Qxf3 Nb3 17. Qxa8 Qxa8 18. Bxa8 Ncxd4 19. Be4 f5 20. Bc2 Nxd2 21.
Re1 Nxc4 22. Nb1 Bg5 23. f4 Bh6 24. Kc1 g5 25. Rf1 gxf4 26. gxf4 Nxc2 0-1

[Event "ODEM U25B 2012"]
[Site "Oberhof GER"]
[Date "2012.06.01"]
[Round "8"]
[White "Reuker, Ronja"]
[Black "Zebandt, Manuel"]
[Result "0-1"]
[Termination "normal"]
[Board "33"]
[WhiteElo "825"]
[BlackElo "985"]
[PlyCount "62"]
[WhiteFideId "12947172"]
[EventCountry "GER"]
[EventRounds "9"]
[EventType "swiss"]
[EventDate "2012.05.26"]

1. e4 e5 2. Nf3 Nc6 3. Nc3 Nf6 4. Bb5 a6 5. Ba4 b5 6. Bb3 Bc5 7. Nxe5 Nxe5 8.
d4 Bxd4 9. Qxd4 d6 10. Bf4 Nc6 11. Qd3 O-O 12. O-O Be6 13. Bxe6 fxe6 14. Bg5 h6
15. Bh4 Qe8 16. Qf3 Nh5 17. Qg4 Ne5 18. Qe2 Qg6 19. Be7 Nf4 20. g3 Nxe2+ 21.
Nxe2 Nf3+ 22. Kg2 Nh4+ 23. Kg1 Nf3+ 24. Kg2 Nh4+ 25. Kg1 Rf7 26. Bxh4 Qg4 27.
Nc3 g5 28. Bxg5 hxg5 29. Rae1 Rh7 30. Re2 Rf8 31. Kh1 Qh3 0-1

[Event "ODEM U25B 2012"]
[Site "Oberhof GER"]
[Date "2012.06.01"]
[Round "8"]
[White "Wiemann, Daniel"]
[Black "Weiten, Katharina"]
[Result "1-0"]
[Termination "normal"]
[Board "34"]
[WhiteElo "963"]
[BlackElo "882"]
[PlyCount "131"]
[WhiteFideId "12942944"]
[BlackFideId "12971979"]
[EventCountry "GER"]
[EventRounds "9"]
[EventType "swiss"]
[EventDate "2012.05.26"]

1. e4 e5 2. Nf3 Nc6 3. Bb5 Nd4 4. Bc4 Nxf3+ 5. Qxf3 Nf6 6. d3 Bc5 7. O-O d6 8.
h3 Be6 9. Bxe6 fxe6 10. Bg5 O-O 11. Bxf6 Rxf6 12. Qd1 Qf8 13. Qe2 d5 14. exd5
exd5 15. Qxe5 Rxf2 16. Qxd5+ Kh8 17. Rxf2 Qxf2+ 18. Kh2 Qf4+ 19. Kh1 Bd6 20.
Kg1 Qh2+ 21. Kf1 Rf8+ 22. Ke2 c6 23. Qe4 Qg1 24. Kd2 Qf2+ 25. Qe2 Qf4+ 26. Qe3
Bc5 27. Qxf4 Rxf4 28. c3 Rf2+ 29. Ke1 Rxg2 30. d4 Bd6 31. Kf1 Rxb2 32. c4 Bg3
33. Nc3 Rh2 34. Kg1 g5 35. Ne4 Bf4 36. Nf6 Rxh3 37. Kg2 Rg3+ 38. Kh1 Rh3+ 39.
Kg2 Rh2+ 40. Kg1 h5 41. Rf1 h4 42. Rxf4 gxf4 43. Kxh2 Kg7 44. Nh5+ Kg6 45.
Nxf4+ Kg5 46. Ne6+ Kg4 47. Nd8 h3 48. Nxb7 Kf5 49. Nd6+ Ke6 50. Nc8 a5 51. Kxh3
a4 52. Kg3 a3 53. Kf4 Kd7 54. Nb6+ Kd6 55. Ke3 c5 56. Ke4 Kc6 57. Na4 cxd4 58.
Kxd4 Kd6 59. c5+ Kc6 60. Kc4 Kc7 61. Kb5 Kb7 62. c6+ Kc7 63. Kc5 Kc8 64. Kb6
Kb8 65. c7+ Kc8 66. Nc3 1-0

[Event "ODEM U25B 2012"]
[Site "Oberhof GER"]
[Date "2012.06.01"]
[Round "8"]
[White "Vuckovic, Robert"]
[Black "Gazizova, Alina"]
[Result "0-1"]
[Termination "normal"]
[Board "35"]
[WhiteElo "1081"]
[BlackElo "767"]
[PlyCount "108"]
[WhiteFideId "12998680"]
[BlackFideId "12951366"]
[EventCountry "GER"]
[EventRounds "9"]
[EventType "swiss"]
[EventDate "2012.05.26"]

1. e4 c5 2. Nc3 Nc6 3. f4 g6 4. Bc4 Bg7 5. Nf3 e6 6. d3 Nge7 7. O-O a6 8. a4 b6
9. Qe1 O-O 10. Qh4 Bb7 11. Ng5 h6 12. Nf3 Nb4 13. Rf2 d5 14. Bb3 d4 15. Ne2 Re8
16. c3 dxc3 17. bxc3 Nxd3 18. Rf1 Bxe4 19. Rd1 Nf5 20. Qg4 b5 21. Ba3 Qc7 22.
Bc2 Ne3 23. Qg3 Nxd1 24. Rxd1 Rad8 25. f5 Qxg3 26. Nxg3 exf5 27. Ne1 Nxe1 28.
Rxd8 Rxd8 29. Bxe4 fxe4 30. Nxe4 Nd3 31. axb5 axb5 32. Kf1 Re8 33. Ke2 Nf4+ 34.
Kf3 Nd3 35. Ke2 Rxe4+ 36. Kxd3 Rc4 37. Bb2 f5 38. h3 g5 39. g3 g4 40. h4 Be5
41. Ke2 Bxg3 42. h5 Be5 43. Kf2 Bxc3 44. Ba3 b4 45. Bxb4 cxb4 46. Kg3 b3 47.
Kh4 b2 48. Kg3 b1=Q 49. Kh4 Qh1+ 50. Kg3 Qh3+ 51. Kf2 Be5 52. Ke2 Rc2+ 53. Kd1
Rg2 54. Ke1 Qh1# 0-1

[Event "ODEM U25B 2012"]
[Site "Oberhof GER"]
[Date "2012.06.01"]
[Round "8"]
[White "Bossert, Moritz"]
[Black "Lilienthal, Niels Bennett"]
[Result "1/2-1/2"]
[Termination "normal"]
[Board "36"]
[WhiteElo "787"]
[BlackElo "928"]
[PlyCount "127"]
[WhiteFideId "16239946"]
[BlackFideId "16205421"]
[EventCountry "GER"]
[EventRounds "9"]
[EventType "swiss"]
[EventDate "2012.05.26"]

1. d4 Nf6 2. c4 g6 3. Nf3 Bg7 4. e4 d6 5. Nc3 Nc6 6. e5 dxe5 7. dxe5 Nxe5 8.
Nxe5 Qxd1+ 9. Nxd1 Ne4 10. f4 f6 11. Bd3 Nc5 12. Nxg6 Nxd3+ 13. Kd2 Nxc1 14.
Nxh8 Bxh8 15. Kxc1 Bf5 16. Nc3 O-O-O 17. Nb5 Kb8 18. Rd1 Rxd1+ 19. Kxd1 e5 20.
fxe5 fxe5 21. Ke2 e4 22. Ke3 Bxb2 23. Re1 a6 24. Nd4 Bg6 25. Ne6 Bf7 26. Nf8
Bxc4 27. Nxh7 Bxa2 28. Re2 Bg8 29. Rxb2 Bxh7 30. Rb4 b5 31. h4 c5 32. Rb1 Kb7
33. Rd1 Kb6 34. Rd6+ Ka5 35. h5 c4 36. g4 b4 37. g5 b3 38. g6 Bxg6 39. hxg6 b2
40. Rd1 c3 41. g7 c2 42. g8=Q cxd1=Q 43. Qa2+ Qa4 44. Qd5+ Qb5 45. Qa2+ Kb6 46.
Qe6+ Qc6 47. Qb3+ Qb5 48. Qe6+ Kc5 49. Qe5+ Kb4 50. Qxb2+ Ka4 51. Qd4+ Qb4 52.
Qd7+ Ka3 53. Qg7 Qe1+ 54. Kf4 e3 55. Qe7+ Kb3 56. Qe6+ Kc2 57. Qe4+ Kd2 58.
Qb4+ Kd1 59. Qxe1+ Kxe1 60. Kxe3 a5 61. Kd3 a4 62. Kc2 a3 63. Kb3 a2 64. Kxa2
1/2-1/2

[Event "ODEM U25B 2012"]
[Site "Oberhof GER"]
[Date "2012.06.01"]
[Round "8"]
[White "Niewrzol, Anton"]
[Black "Kung, Fanny"]
[Result "1/2-1/2"]
[Termination "normal"]
[Board "37"]
[WhiteElo "896"]
[BlackElo "825"]
[PlyCount "45"]
[BlackFideId "12987689"]
[EventCountry "GER"]
[EventRounds "9"]
[EventType "swiss"]
[EventDate "2012.05.26"]

1. e4 d5 2. exd5 Qxd5 3. Nc3 Qd8 4. Nf3 Bf5 5. Be2 Nc6 6. O-O Nf6 7. d3 e6 8.
Bg5 Be7 9. Bxf6 Bxf6 10. d4 Nxd4 11. Nxd4 Bxd4 12. Bg4 Bg6 13. Rb1 O-O 14. Nb5
Bb6 15. Qe2 c6 16. Rbd1 Qe7 17. Nd6 Rab8 18. Qe5 f6 19. Bxe6+ Kh8 20. Qe2 Rbd8
21. Nf7+ Bxf7 22. Rxd8 Rxd8 23. Bc4 1/2-1/2

[Event "ODEM U25B 2012"]
[Site "Oberhof GER"]
[Date "2012.06.01"]
[Round "8"]
[White "Kluge, Helene"]
[Black "Lange, Alina"]
[Result "0-1"]
[Termination "normal"]
[Board "39"]
[WhiteElo "827"]
[BlackElo "859"]
[PlyCount "75"]
[WhiteFideId "12983179"]
[EventCountry "GER"]
[EventRounds "9"]
[EventType "swiss"]
[EventDate "2012.05.26"]

1. d4 d5 2. Nf3 Nf6 3. e3 g6 4. Nbd2 Bg7 5. Bd3 O-O 6. O-O Nc6 7. c3 Bg4 8. e4
dxe4 9. Nxe4 Re8 10. Bc2 Rc8 11. h3 Bd7 12. Re1 e5 13. Be3 exd4 14. cxd4 Nxe4
15. Bxe4 Rxe4 16. Bg5 Rxe1+ 17. Qxe1 Qe8 18. Qxe8+ Rxe8 19. Re1 Rxe1+ 20. Nxe1
Bxd4 21. b3 f6 22. Bf4 Ne5 23. Nf3 Nxf3+ 24. gxf3 Be5 25. Bxe5 fxe5 26. Kf1
Bxh3+ 27. Ke2 Bf5 28. Ke3 h5 29. f4 exf4+ 30. Kxf4 h4 31. Kf3 h3 32. Kg3 g5 33.
a4 c6 34. b4 b5 35. axb5 cxb5 36. f3 Kf7 37. Kh2 Ke6 38. Kg3 0-1

[Event "ODEM U25B 2012"]
[Site "Oberhof GER"]
[Date "2012.06.01"]
[Round "8"]
[White "Lohrmann, Linus"]
[Black "Riehle, Fabio"]
[Result "0-1"]
[Termination "normal"]
[Board "40"]
[WhiteElo "824"]
[BlackElo "1129"]
[PlyCount "52"]
[WhiteFideId "12982857"]
[BlackFideId "36052140"]
[EventCountry "GER"]
[EventRounds "9"]
[EventType "swiss"]
[EventDate "2012.05.26"]

1. e4 e5 2. Nf3 Nc6 3. Bb5 Nf6 4. Nc3 Bc5 5. O-O a6 6. Bc4 d6 7. d3 b5 8. Bd5
Nxd5 9. exd5 Ne7 10. Bg5 Bg4 11. Qd2 f6 12. Ne4 Bxf3 13. Nxc5 dxc5 14. gxf3
fxg5 15. Qxg5 O-O 16. Qxe5 Rf5 17. Qe6+ Kh8 18. Qe4 Qf8 19. d6 cxd6 20. c3 d5
21. Qe3 d4 22. Qe4 Rg5+ 23. Kh1 dxc3 24. bxc3 c4 25. dxc4 bxc4 26. Qxc4 Qxf3#
0-1

[Event "ODEM U25B 2012"]
[Site "Oberhof GER"]
[Date "2012.06.01"]
[Round "8"]
[White "Müdder, Melanie"]
[Black "Gazizov, Erik"]
[Result "1-0"]
[Termination "normal"]
[Board "41"]
[WhiteElo "761"]
[BlackElo "747"]
[PlyCount "43"]
[WhiteFideId "12994103"]
[BlackFideId "12951358"]
[EventCountry "GER"]
[EventRounds "9"]
[EventType "swiss"]
[EventDate "2012.05.26"]

1. e4 d5 2. exd5 Qxd5 3. Nc3 Qa5 4. d4 c6 5. Bc4 Nf6 6. Nf3 h6 7. O-O Bg4 8. h3
Bxf3 9. Qxf3 Nbd7 10. Bd2 Qc7 11. Rfe1 b5 12. Bb3 g5 13. d5 Ne5 14. Qg3 Nfd7
15. Rad1 e6 16. dxe6 fxe6 17. f4 gxf4 18. Bxf4 Bd6 19. Qg7 Rf8 20. Bxe5 Bxe5
21. Rxe5 Qxe5 22. Qxd7# 1-0